000 00605cam a2200217 4500500
005 20260405003838.0
041 _afre
042 _adc
100 1 0 _aMoreau, Anne-Sophie
_eauthor
245 0 0 _aDésaccords de majeurs
260 _c2024.
500 _a59
690 _aÂge
690 _aAutonomie
690 _aJeunesse
690 _aLoi
690 _aMajorité
690 _aResponsabilité
786 0 _nPhilosophie magazine | 180 | 6 | 2024-06-01 | p. 18-18 | 1951-1787
856 4 1 _uhttps://shs.cairn.info/magazine-philosophie-magazine-2024-6-page-18?lang=fr&redirect-ssocas=7080
999 _c2071391
_d2071391